[Event "DEM U16 2025"]
[Site "Willingen GER"]
[Date "2025.06.08"]
[Round "2"]
[White "Riechenberg, Sebastian"]
[Black "Kaplan, Arne"]
[Result "1-0"]
[Termination "normal"]
[Board "13"]
[WhiteElo "2101"]
[BlackElo "1846"]
[WhiteClock "00:05:15"]
[BlackClock "00:08:38"]
[PlyCount "63"]
[WhiteFideId "34605231"]
[BlackFideId "34625194"]
[EventCountry "GER"]
[EventRounds "9"]
[EventType "swiss"]
[EventDate "2025.06.07"]

1. c4 {[%clk 01:29:25]} {[%emt 00:01:34]} e5 {[%clk 01:30:37]} {[%emt
00:00:24]} 2. a3 {[%clk 01:29:51]} {[%emt 00:00:04]} Nf6 {[%clk 01:29:18]}
{[%emt 00:01:48]} 3. d3 {[%clk 01:29:55]} {[%emt 00:00:27]} c6 {[%clk
01:28:00]} {[%emt 00:01:48]} 4. Nf3 {[%clk 01:29:41]} {[%emt 00:00:44]} Be7
{[%clk 01:26:32]} {[%emt 00:01:57]} 5. g3 {[%clk 01:29:58]} {[%emt 00:00:12]}
O-O {[%emt 00:00:35]} 6. Bg2 {[%clk 01:30:22]} {[%emt 00:00:02]} Re8 {[%emt
00:01:13]} 7. O-O {[%clk 01:30:16]} {[%emt 00:00:11]} Bf8 {[%clk 01:23:02]}
{[%emt 00:11:56]} 8. Nc3 d5 {[%emt 00:07:58]} 9. Bg5 {[%emt 00:01:30]} d4
{[%clk 01:21:36]} {[%emt 00:00:28]} 10. Ne4 {[%clk 01:15:13]} {[%emt 00:00:48]}
Nbd7 {[%clk 01:21:43]} 11. b4 {[%clk 01:15:02]} {[%emt 00:01:05]} h6 {[%clk
01:20:34]} 12. Nxf6+ {[%clk 01:11:51]} {[%emt 00:05:20]} Nxf6 {[%clk 01:20:55]}
13. Bxf6 {[%clk 01:11:36]} {[%emt 00:00:55]} Qxf6 {[%clk 01:20:57]} 14. Nd2
{[%clk 01:11:53]} {[%emt 00:00:39]} Bf5 {[%clk 01:08:34]} 15. Qb3 {[%clk
01:08:12]} {[%emt 00:17:04]} Rab8 {[%clk 01:03:39]} 16. a4 {[%clk 00:56:35]}
{[%emt 00:17:32]} Qe6 {[%clk 00:52:30]} 17. Rfb1 {[%clk 00:47:22]} {[%emt
00:21:22]} Bh3 {[%clk 00:40:52]} {[%emt 00:07:15]} 18. Bh1 Bd6 {[%emt
00:12:13]} 19. a5 {[%clk 00:37:31]} {[%emt 00:04:00]} h5 {[%clk 00:38:08]} 20.
a6 {[%clk 00:35:04]} {[%emt 00:06:12]} Rec8 {[%emt 00:21:17]} 21. c5 {[%clk
00:20:30]} {[%emt 00:00:40]} Be7 {[%clk 00:21:09]} {[%emt 00:09:28]} 22. Nc4
{[%clk 00:16:30]} bxa6 {[%clk 00:21:09]} 23. Qc2 {[%clk 00:16:30]} {[%emt
00:07:08]} Rc7 {[%clk 00:17:51]} 24. Rxa6 {[%clk 00:14:53]} {[%emt 00:05:54]}
Qc8 {[%clk 00:18:00]} 25. Ra4 {[%clk 00:14:25]} {[%emt 00:01:19]} f6 {[%clk
00:16:43]} 26. Qa2 {[%clk 00:11:35]} {[%emt 00:05:07]} Be6 {[%clk 00:10:12]}
27. Rxa7 {[%clk 00:07:07]} {[%emt 00:11:59]} Rxa7 {[%clk 00:10:34]} 28. Qxa7
{[%clk 00:07:32]} {[%emt 00:00:13]} Rb7 {[%clk 00:10:49]} 29. Qa1 {[%clk
00:05:34]} {[%emt 00:02:43]} Qb8 {[%clk 00:08:48]} 30. Nb6 {[%clk 00:04:41]}
{[%emt 00:03:54]} Ra7 {[%clk 00:08:13]} 31. Qb2 {[%clk 00:05:02]} {[%emt
00:01:14]} Ra2 {[%clk 00:08:38]} 32. Qc1 {[%clk 00:05:15]} {[%emt 00:00:23]}
1-0

[Event "DEM U16 2025"]
[Site "Willingen GER"]
[Date "2025.06.08"]
[Round "2"]
[White "Khachaturyan, Konstantin"]
[Black "Burkart, Lloyd Shang"]
[Result "1/2-1/2"]
[Termination "normal"]
[Board "14"]
[WhiteElo "1800"]
[BlackElo "2082"]
[WhiteClock "01:05:07"]
[BlackClock "00:21:56"]
[PlyCount "85"]
[WhiteFideId "16239083"]
[BlackFideId "16239059"]
[EventCountry "GER"]
[EventRounds "9"]
[EventType "swiss"]
[EventDate "2025.06.07"]

1. e4 {[%clk 01:30:58]} c5 {[%clk 01:30:31]} {[%emt 00:00:29]} 2. Nf3 {[%clk
01:31:23]} {[%emt 00:00:05]} d6 {[%clk 01:30:58]} {[%emt 00:00:04]} 3. d4
{[%clk 01:31:48]} {[%emt 00:00:04]} cxd4 {[%clk 01:31:15]} {[%emt 00:00:13]} 4.
Nxd4 {[%clk 01:32:15]} {[%emt 00:00:04]} Nf6 {[%clk 01:31:32]} {[%emt
00:00:12]} 5. Nc3 {[%clk 01:32:40]} {[%emt 00:00:05]} a6 {[%clk 01:31:57]}
{[%emt 00:00:06]} 6. Be3 {[%clk 01:32:59]} {[%emt 00:00:11]} e6 {[%clk
01:32:09]} {[%emt 00:00:18]} 7. Be2 {[%clk 01:33:23]} {[%emt 00:00:05]} Be7
{[%clk 01:32:27]} {[%emt 00:00:12]} 8. O-O {[%clk 01:33:47]} {[%emt 00:00:06]}
O-O {[%clk 01:32:48]} {[%emt 00:00:09]} 9. f4 {[%clk 01:34:12]} {[%emt
00:00:05]} Nc6 {[%clk 01:32:11]} {[%emt 00:01:07]} 10. Qe1 {[%clk 01:34:34]}
{[%emt 00:00:09]} Nxd4 {[%clk 01:30:03]} {[%emt 00:02:38]} 11. Bxd4 {[%clk
01:34:58]} {[%emt 00:00:05]} b5 {[%clk 01:29:41]} {[%emt 00:00:52]} 12. Bf3
{[%clk 01:32:51]} {[%emt 00:02:38]} Bb7 {[%clk 01:13:54]} {[%emt 00:16:16]} 13.
Rd1 {[%clk 01:32:30]} {[%emt 00:00:51]} Qc7 {[%clk 00:59:25]} {[%emt 00:14:59]}
14. Qg3 {[%clk 01:30:27]} {[%emt 00:02:33]} Rad8 {[%clk 00:41:12]} {[%emt
00:18:42]} 15. Kh1 {[%clk 01:29:55]} {[%emt 00:01:02]} b4 {[%clk 00:31:56]}
{[%emt 00:09:47]} 16. e5 {[%clk 01:26:56]} {[%emt 00:03:29]} dxe5 {[%clk
00:26:59]} {[%emt 00:05:27]} 17. Bxe5 {[%clk 01:26:39]} {[%emt 00:00:47]} Qc8
{[%clk 00:22:52]} {[%emt 00:04:37]} 18. Ne4 {[%clk 01:19:55]} {[%emt 00:07:14]}
Bxe4 {[%clk 00:22:27]} {[%emt 00:00:55]} 19. Bxe4 {[%clk 01:20:20]} {[%emt
00:00:05]} Rxd1 {[%clk 00:20:22]} {[%emt 00:02:35]} 20. Rxd1 {[%clk 01:20:44]}
{[%emt 00:00:05]} Rd8 {[%clk 00:20:29]} {[%emt 00:00:23]} 21. Bd3 {[%clk
01:08:59]} {[%emt 00:12:16]} Ne8 {[%clk 00:12:19]} {[%emt 00:08:39]} 22. c3
{[%clk 01:03:38]} {[%emt 00:05:51]} bxc3 {[%clk 00:11:22]} {[%emt 00:01:27]}
23. Bxc3 {[%clk 01:03:59]} {[%emt 00:00:08]} Bf6 {[%clk 00:10:59]} {[%emt
00:00:54]} 24. Be2 {[%clk 00:57:47]} {[%emt 00:06:43]} Rxd1+ {[%clk 00:09:46]}
{[%emt 00:01:43]} 25. Bxd1 {[%clk 00:58:12]} {[%emt 00:00:04]} Bxc3 {[%clk
00:10:00]} {[%emt 00:00:15]} 26. Qxc3 {[%clk 00:58:26]} {[%emt 00:00:16]} Qxc3
{[%clk 00:07:24]} {[%emt 00:03:07]} 27. bxc3 {[%clk 00:58:51]} {[%emt
00:00:05]} Kf8 {[%clk 00:07:22]} {[%emt 00:00:32]} 28. Kg1 {[%clk 00:57:44]}
{[%emt 00:01:36]} Ke7 {[%clk 00:07:34]} {[%emt 00:00:17]} 29. Kf2 {[%clk
00:56:40]} {[%emt 00:01:34]} Kd6 {[%clk 00:05:27]} {[%emt 00:02:37]} 30. Ke3
{[%clk 00:51:31]} {[%emt 00:05:39]} Kc5 {[%clk 00:05:38]} {[%emt 00:00:19]} 31.
Kd3 {[%clk 00:48:49]} {[%emt 00:03:13]} Nf6 {[%clk 00:01:54]} {[%emt 00:04:14]}
32. g3 {[%clk 00:47:31]} {[%emt 00:01:48]} Nd5 {[%clk 00:00:36]} {[%emt
00:01:48]} 33. Bb3 {[%clk 00:47:52]} {[%emt 00:00:09]} Nf6 {[%clk 00:00:35]}
{[%emt 00:00:31]} 34. Bd1 {[%clk 00:48:16]} {[%emt 00:00:05]} a5 {[%clk
00:00:35]} {[%emt 00:00:30]} 35. a4 {[%clk 00:47:56]} {[%emt 00:00:51]} Nd5
{[%clk 00:00:38]} {[%emt 00:00:26]} 36. Bb3 {[%clk 00:47:42]} {[%emt 00:00:45]}
Nf6 {[%clk 00:01:01]} {[%emt 00:00:06]} 37. Bd1 {[%clk 00:48:08]} {[%emt
00:00:04]} h6 {[%clk 00:00:48]} {[%emt 00:00:42]} 38. h4 {[%clk 00:47:13]}
{[%emt 00:01:26]} Nd5 {[%clk 00:00:35]} {[%emt 00:00:42]} 39. Bh5 {[%clk
00:44:47]} {[%emt 00:02:56]} g6 {[%clk 00:00:45]} {[%emt 00:00:20]} 40. Bf3
{[%clk 00:44:59]} {[%emt 00:00:19]} Nb6 {[%clk 00:00:36]} {[%emt 00:00:38]} 41.
Bd1 {[%clk 00:45:13]} {[%emt 00:00:16]} Nc4 {[%clk 00:22:04]} {[%emt 00:09:01]}
42. Bb3 {[%clk 01:14:17]} {[%emt 00:01:28]} Nd6 {[%clk 00:21:56]} {[%emt
00:00:38]} 43. g4 {[%clk 01:05:07]} {[%emt 00:09:40]} 1/2-1/2

[Event "DEM U16 2025"]
[Site "Willingen GER"]
[Date "2025.06.08"]
[Round "2"]
[White "Blodig, Vincent"]
[Black "Bock, Leonas"]
[Result "1-0"]
[Termination "normal"]
[Board "15"]
[WhiteElo "2129"]
[BlackElo "1659"]
[WhiteClock "01:49:10"]
[BlackClock "00:30:11"]
[PlyCount "85"]
[WhiteFideId "16297857"]
[BlackFideId "16287118"]
[EventCountry "GER"]
[EventRounds "9"]
[EventType "swiss"]
[EventDate "2025.06.07"]

1. e4 {[%clk 01:30:57]} {[%emt 00:00:02]} c5 {[%clk 01:30:53]} {[%emt
00:00:08]} 2. Nf3 {[%clk 01:31:22]} {[%emt 00:00:05]} Nc6 {[%clk 01:30:56]}
{[%emt 00:00:27]} 3. d4 {[%clk 01:31:39]} {[%emt 00:00:12]} cxd4 {[%clk
01:30:59]} {[%emt 00:00:28]} 4. Nxd4 {[%clk 01:32:02]} {[%emt 00:00:06]} Nf6
{[%clk 01:31:11]} {[%emt 00:00:18]} 5. Nc3 {[%clk 01:32:27]} {[%emt 00:00:05]}
e5 {[%clk 01:31:35]} {[%emt 00:00:06]} 6. Ndb5 {[%clk 01:32:53]} {[%emt
00:00:04]} d6 {[%clk 01:31:41]} {[%emt 00:00:24]} 7. Bg5 {[%clk 01:33:15]}
{[%emt 00:00:08]} a6 {[%clk 01:31:35]} {[%emt 00:00:37]} 8. Na3 {[%clk
01:33:39]} {[%emt 00:00:06]} b5 {[%clk 01:31:57]} {[%emt 00:00:08]} 9. Nd5
{[%clk 01:33:59]} {[%emt 00:00:10]} Be7 {[%clk 01:31:58]} {[%emt 00:00:29]} 10.
Bxf6 {[%clk 01:34:23]} {[%emt 00:00:05]} Bxf6 {[%clk 01:32:15]} {[%emt
00:00:13]} 11. c3 {[%clk 01:34:48]} {[%emt 00:00:05]} O-O {[%clk 01:30:34]}
{[%emt 00:02:11]} 12. Nc2 {[%clk 01:35:11]} {[%emt 00:00:07]} Bg5 {[%clk
01:27:42]} {[%emt 00:03:23]} 13. a4 {[%clk 01:35:29]} {[%emt 00:00:11]} Rb8
{[%clk 01:16:32]} {[%emt 00:11:40]} 14. axb5 {[%clk 01:35:08]} {[%emt
00:00:52]} axb5 {[%clk 01:16:40]} {[%emt 00:00:22]} 15. h4 {[%clk 01:32:44]}
{[%emt 00:02:52]} Bh6 {[%clk 01:08:49]} {[%emt 00:08:22]} 16. g3 {[%clk
01:32:13]} {[%emt 00:01:01]} Be6 {[%clk 00:53:04]} {[%emt 00:16:16]} 17. Ra6
{[%clk 01:27:16]} {[%emt 00:05:26]} Bxd5 {[%clk 00:39:32]} {[%emt 00:14:02]}
18. Qxd5 {[%clk 01:26:46]} {[%emt 00:01:01]} Rb6 {[%clk 00:35:54]} {[%emt
00:04:08]} 19. Rxb6 {[%clk 01:25:34]} {[%emt 00:01:43]} Qxb6 {[%clk 00:36:15]}
{[%emt 00:00:08]} 20. Qxb5 {[%clk 01:24:54]} {[%emt 00:01:10]} Rb8 {[%clk
00:30:11]} {[%emt 00:06:34]} 21. Qxb6 {[%clk 01:24:00]} {[%emt 00:01:25]} Rxb6
{[%clk 00:30:33]} {[%emt 00:00:08]} 22. b4 {[%clk 01:23:57]} {[%emt 00:00:32]}
Kf8 {[%clk 00:14:03]} {[%emt 00:17:00]} 23. Bc4 {[%clk 01:22:23]} {[%emt
00:02:04]} Na7 {[%clk 00:11:40]} {[%emt 00:02:54]} 24. Ke2 {[%clk 01:21:19]}
{[%emt 00:01:33]} Ke7 {[%clk 00:07:10]} {[%emt 00:05:00]} 25. Ra1 {[%clk
01:20:54]} {[%emt 00:00:55]} Rb7 {[%clk 00:07:03]} {[%emt 00:00:37]} 26. Kd3
{[%clk 01:20:09]} {[%emt 00:01:14]} g6 {[%clk 00:06:17]} {[%emt 00:01:17]} 27.
Ra6 {[%clk 01:17:36]} {[%emt 00:03:03]} f5 {[%clk 00:04:58]} {[%emt 00:01:48]}
28. Bd5 {[%clk 01:17:15]} {[%emt 00:00:52]} Rc7 {[%clk 00:05:02]} {[%emt
00:00:26]} 29. c4 {[%clk 01:17:16]} {[%emt 00:00:29]} Kd7 {[%clk 00:02:17]}
{[%emt 00:03:15]} 30. b5 {[%clk 01:16:18]} {[%emt 00:01:28]} fxe4+ {[%clk
00:00:42]} {[%emt 00:02:05]} 31. Bxe4 {[%clk 01:16:17]} {[%emt 00:00:32]} Nc8
{[%clk 00:00:44]} {[%emt 00:00:28]} 32. b6 {[%clk 01:15:36]} {[%emt 00:01:11]}
Nxb6 {[%clk 00:00:52]} {[%emt 00:00:22]} 33. Rxb6 {[%clk 01:15:59]} {[%emt
00:00:07]} Bg7 {[%clk 00:00:38]} {[%emt 00:00:44]} 34. Rb7 {[%clk 01:16:19]}
{[%emt 00:00:10]} Rxb7 {[%clk 00:00:49]} {[%emt 00:00:19]} 35. Bxb7 {[%clk
01:16:47]} {[%emt 00:00:02]} Kc7 {[%clk 00:00:35]} {[%emt 00:00:44]} 36. Bd5
{[%clk 01:17:07]} {[%emt 00:00:09]} Kb6 {[%clk 00:00:39]} 37. Ne1 {[%clk
01:17:08]} {[%emt 00:00:54]} Kc5 {[%clk 00:00:32]} {[%emt 00:00:38]} 38. Nf3
{[%clk 01:17:32]} {[%emt 00:00:06]} h6 {[%clk 00:00:32]} {[%emt 00:00:30]} 39.
Be4 {[%clk 01:17:44]} {[%emt 00:00:17]} Bf6 {[%clk 00:00:32]} {[%emt 00:00:31]}
40. Bxg6 {[%clk 01:18:05]} {[%emt 00:00:09]} d5 {[%clk 00:00:34]} {[%emt
00:00:28]} 41. cxd5 {[%clk 01:18:28]} {[%emt 00:00:07]} Kxd5 {[%clk 00:00:58]}
{[%emt 00:00:06]} 42. Bf7+ {[%clk 01:18:49]} {[%emt 00:00:09]} Kd6 {[%clk
00:30:11]} {[%emt 00:01:17]} 43. Ke4 {[%clk 01:49:10]} {[%emt 00:00:08]} 1-0

[Event "DEM U16 2025"]
[Site "Willingen GER"]
[Date "2025.06.08"]
[Round "2"]
[White "Jung, Marcel"]
[Black "Sreeramulu, Aarush"]
[Result "0-1"]
[Termination "normal"]
[Board "16"]
[WhiteElo "1728"]
[BlackElo "2032"]
[WhiteClock "00:21:18"]
[BlackClock "00:15:33"]
[PlyCount "154"]
[WhiteFideId "34673881"]
[BlackFideId "34610685"]
[EventCountry "GER"]
[EventRounds "9"]
[EventType "swiss"]
[EventDate "2025.06.07"]

1. c4 {[%clk 01:30:53]} {[%emt 00:00:05]} Nf6 {[%clk 01:30:09]} {[%emt
00:00:52]} 2. Nc3 {[%clk 01:31:14]} {[%emt 00:00:09]} e6 {[%clk 01:28:23]}
{[%emt 00:02:17]} 3. Nf3 {[%clk 01:31:14]} {[%emt 00:00:29]} d5 {[%clk
01:28:40]} {[%emt 00:00:14]} 4. e3 {[%clk 01:31:39]} {[%emt 00:00:05]} Be7
{[%clk 01:28:20]} {[%emt 00:00:49]} 5. b3 {[%clk 01:32:03]} {[%emt 00:00:07]}
O-O {[%clk 01:28:09]} {[%emt 00:00:40]} 6. Bb2 {[%clk 01:32:28]} {[%emt
00:00:05]} b6 {[%clk 01:22:34]} {[%emt 00:06:05]} 7. Be2 {[%clk 01:30:51]}
{[%emt 00:02:07]} c5 {[%clk 01:22:20]} {[%emt 00:00:44]} 8. cxd5 {[%clk
01:27:12]} {[%emt 00:04:09]} exd5 {[%clk 01:21:30]} {[%emt 00:01:20]} 9. d4
{[%clk 01:27:20]} {[%emt 00:00:22]} Bb7 {[%clk 01:20:41]} {[%emt 00:01:19]} 10.
O-O {[%clk 01:27:39]} {[%emt 00:00:12]} Nc6 {[%clk 01:19:41]} {[%emt 00:01:29]}
11. Rc1 {[%clk 01:27:05]} {[%emt 00:01:04]} Rc8 {[%clk 01:18:44]} {[%emt
00:01:28]} 12. Re1 {[%clk 01:19:10]} {[%emt 00:08:25]} Re8 {[%clk 01:08:27]}
{[%emt 00:10:46]} 13. Bf1 {[%clk 01:15:52]} {[%emt 00:03:48]} h6 {[%clk
01:04:46]} {[%emt 00:04:11]} 14. Re2 {[%clk 01:08:34]} {[%emt 00:07:47]} cxd4
{[%clk 00:42:56]} {[%emt 00:22:21]} 15. Nxd4 {[%clk 01:03:38]} {[%emt
00:05:26]} Nxd4 {[%clk 00:40:38]} {[%emt 00:02:48]} 16. Qxd4 {[%clk 01:02:38]}
{[%emt 00:01:30]} Bc5 {[%clk 00:39:58]} {[%emt 00:01:10]} 17. Qh4 {[%clk
00:59:31]} {[%emt 00:03:27]} Ne4 {[%clk 00:31:58]} {[%emt 00:08:41]} 18. Qxd8
{[%clk 00:58:04]} {[%emt 00:01:57]} Rcxd8 {[%clk 00:31:38]} {[%emt 00:00:50]}
19. Nb5 {[%clk 00:55:58]} {[%emt 00:02:34]} Ba6 {[%clk 00:23:26]} {[%emt
00:08:45]} 20. Rec2 {[%clk 00:55:54]} {[%emt 00:00:32]} Bxb5 {[%clk 00:18:36]}
{[%emt 00:05:21]} 21. Bxb5 {[%clk 00:56:06]} {[%emt 00:00:18]} Re6 {[%clk
00:17:18]} {[%emt 00:01:48]} 22. Rd1 {[%clk 00:54:12]} {[%emt 00:02:23]} a5
{[%clk 00:15:27]} {[%emt 00:02:22]} 23. Bd4 {[%clk 00:53:12]} {[%emt 00:01:28]}
Rdd6 {[%clk 00:08:42]} {[%emt 00:07:17]} 24. Bxc5 {[%clk 00:50:36]} {[%emt
00:03:07]} Nxc5 {[%clk 00:08:08]} {[%emt 00:01:04]} 25. Rcd2 {[%clk 00:49:27]}
{[%emt 00:01:36]} Re5 {[%clk 00:07:02]} {[%emt 00:01:38]} 26. h3 {[%clk
00:39:37]} {[%emt 00:10:19]} Kf8 {[%clk 00:06:29]} {[%emt 00:01:04]} 27. Bc4
{[%clk 00:39:05]} {[%emt 00:01:02]} Ne4 {[%clk 00:06:23]} {[%emt 00:00:36]} 28.
Rd3 {[%clk 00:39:21]} {[%emt 00:00:12]} dxc4 {[%clk 00:06:08]} {[%emt
00:00:47]} 29. Rxd6 {[%clk 00:39:18]} {[%emt 00:00:32]} Nxd6 {[%clk 00:06:29]}
{[%emt 00:00:10]} 30. Rxd6 {[%clk 00:39:44]} {[%emt 00:00:04]} c3 {[%clk
00:03:45]} {[%emt 00:03:14]} 31. Rd1 {[%clk 00:40:05]} {[%emt 00:00:09]} b5
{[%clk 00:03:51]} {[%emt 00:00:23]} 32. Rc1 {[%clk 00:39:45]} {[%emt 00:00:51]}
b4 {[%clk 00:04:05]} {[%emt 00:00:16]} 33. Kf1 {[%clk 00:40:05]} {[%emt
00:00:10]} Rd5 {[%clk 00:04:24]} {[%emt 00:00:11]} 34. Rc2 {[%clk 00:39:38]}
{[%emt 00:00:58]} Ke7 {[%clk 00:04:10]} {[%emt 00:00:43]} 35. Ke2 {[%clk
00:40:01]} {[%emt 00:00:07]} f5 {[%clk 00:03:24]} {[%emt 00:01:15]} 36. Ke1
{[%clk 00:40:13]} {[%emt 00:00:18]} Ke6 {[%clk 00:03:28]} {[%emt 00:00:25]} 37.
Ke2 {[%clk 00:40:23]} {[%emt 00:00:21]} Rd6 {[%clk 00:03:24]} {[%emt 00:00:34]}
38. Ke1 {[%clk 00:35:27]} {[%emt 00:05:26]} Kd5 {[%clk 00:03:11]} {[%emt
00:00:43]} 39. Ke2 {[%clk 00:34:08]} {[%emt 00:01:48]} Kc5 {[%clk 00:03:23]}
{[%emt 00:00:19]} 40. g4 {[%clk 00:34:18]} {[%emt 00:00:20]} fxg4 {[%clk
00:02:19]} {[%emt 00:01:34]} 41. hxg4 {[%clk 00:34:08]} {[%emt 00:00:40]} a4
{[%clk 00:26:27]} {[%emt 00:06:22]} 42. f4 {[%clk 00:31:17]} {[%emt 00:33:21]}
Ra6 {[%clk 00:21:33]} {[%emt 00:05:24]} 43. e4 {[%clk 00:15:14]} {[%emt
00:16:33]} axb3 {[%clk 00:19:34]} {[%emt 00:02:28]} 44. axb3 {[%clk 00:15:40]}
{[%emt 00:00:05]} Kd4 {[%clk 00:19:46]} {[%emt 00:00:18]} 45. e5 {[%clk
00:15:52]} {[%emt 00:00:18]} Ke4 {[%clk 00:17:58]} {[%emt 00:02:18]} 46. Rc1
{[%clk 00:15:12]} {[%emt 00:01:11]} Ra2+ {[%clk 00:15:27]} {[%emt 00:03:01]}
47. Kf1 {[%clk 00:15:16]} {[%emt 00:00:25]} Ra7 {[%clk 00:14:33]} {[%emt
00:01:24]} 48. e6 {[%clk 00:14:31]} {[%emt 00:01:16]} Kxf4 {[%clk 00:14:52]}
{[%emt 00:00:11]} 49. Ke2 {[%clk 00:13:55]} {[%emt 00:01:07]} Re7 {[%clk
00:15:05]} {[%emt 00:00:16]} 50. Kd3 {[%clk 00:14:15]} {[%emt 00:00:10]} Rxe6
{[%clk 00:15:11]} {[%emt 00:00:23]} 51. Kc4 {[%clk 00:14:36]} {[%emt 00:00:09]}
Re4+ {[%clk 00:14:44]} {[%emt 00:00:58]} 52. Kd3 {[%clk 00:15:02]} {[%emt
00:00:04]} Ke5 {[%clk 00:14:49]} {[%emt 00:00:25]} 53. Ra1 {[%clk 00:15:12]}
{[%emt 00:00:20]} Rxg4 {[%clk 00:15:10]} {[%emt 00:00:09]} 54. Ra5+ {[%clk
00:15:19]} {[%emt 00:00:23]} Kf4 {[%clk 00:15:28]} {[%emt 00:00:12]} 55. Ke2
{[%clk 00:14:43]} {[%emt 00:01:07]} Rg2+ {[%clk 00:15:37]} {[%emt 00:00:20]}
56. Kd1 {[%clk 00:15:03]} {[%emt 00:00:10]} Ke4 {[%clk 00:14:46]} {[%emt
00:01:21]} 57. Rb5 {[%clk 00:15:24]} {[%emt 00:00:09]} Kd4 {[%clk 00:14:59]}
{[%emt 00:00:16]} 58. Rb8 {[%clk 00:15:43]} {[%emt 00:00:12]} c2+ {[%clk
00:14:13]} {[%emt 00:01:16]} 59. Kc1 {[%clk 00:16:08]} {[%emt 00:00:06]} Kc3
{[%clk 00:12:50]} {[%emt 00:01:52]} 60. Rc8+ {[%clk 00:16:24]} {[%emt
00:00:14]} Kxb3 {[%clk 00:12:58]} {[%emt 00:00:22]} 61. Rc3+ {[%clk 00:16:26]}
{[%emt 00:00:28]} Ka4 {[%clk 00:13:27]} {[%emt 00:00:02]} 62. Ra3+ {[%clk
00:16:55]} Kb5 {[%emt 00:00:30]} 63. Rh3 {[%clk 00:17:11]} {[%emt 00:00:11]}
Kc5 {[%clk 00:12:34]} {[%emt 00:01:26]} 64. Rc3+ {[%clk 00:17:09]} {[%emt
00:00:33]} Kd4 {[%clk 00:12:34]} {[%emt 00:00:30]} 65. Rh3 {[%clk 00:17:18]}
{[%emt 00:00:21]} Ke5 {[%clk 00:12:51]} {[%emt 00:00:11]} 66. Rh5+ {[%clk
00:17:27]} {[%emt 00:00:23]} Kf6 {[%clk 00:13:07]} {[%emt 00:00:15]} 67. Rb5
{[%clk 00:17:53]} {[%emt 00:00:03]} h5 {[%clk 00:12:57]} {[%emt 00:00:40]} 68.
Rxb4 {[%clk 00:18:17]} {[%emt 00:00:06]} g5 {[%clk 00:13:11]} {[%emt 00:00:15]}
69. Rb6+ {[%clk 00:18:44]} {[%emt 00:00:04]} Kf5 {[%clk 00:13:36]} {[%emt
00:00:06]} 70. Rb5+ {[%clk 00:19:11]} {[%emt 00:00:03]} Kg4 {[%clk 00:13:56]}
{[%emt 00:00:10]} 71. Rb4+ {[%clk 00:19:15]} {[%emt 00:00:25]} Kh3 {[%clk
00:14:20]} {[%emt 00:00:06]} 72. Rb3+ {[%clk 00:19:35]} {[%emt 00:00:10]} Rg3
{[%clk 00:14:31]} {[%emt 00:00:18]} 73. Rb5 {[%clk 00:19:57]} {[%emt 00:00:08]}
Rg2 {[%clk 00:14:39]} {[%emt 00:00:23]} 74. Rb3+ {[%clk 00:20:23]} {[%emt
00:00:04]} Kh2 {[%clk 00:15:02]} {[%emt 00:00:07]} 75. Re3 {[%clk 00:20:39]}
{[%emt 00:00:14]} h4 {[%clk 00:15:17]} {[%emt 00:00:15]} 76. Rf3 {[%clk
00:20:53]} {[%emt 00:00:16]} g4 {[%clk 00:15:33]} {[%emt 00:00:14]} 77. Re3
{[%clk 00:21:18]} {[%emt 00:00:05]} g3 {[%clk 00:15:33]} {[%emt 00:00:30]} 0-1